| 000 | 00737nam a22001577a 4500 | ||
|---|---|---|---|
| 003 | OSt | ||
| 005 | 20151007161501.0 | ||
| 008 | 151007b xxu||||| |||| 00| 0 eng d | ||
| 040 | _cRUA | ||
| 082 | _aAVM PHU 2007 B080 Or.1 | ||
| 100 |
_92307 _aPHUON, CHHIM. |
||
| 245 | _aStudy on veterinary services as disease control and prevntion in cattle bati district, takeo province, សិក្សាពីសេវាកម្មបសុទេព្យ លើការត្រួតពិនិត្យ និងការការពារជំងឺគោ ក្របីក្នុងស្រុកបាទី ខេត្តតាកែវ | ||
| 260 |
_aPhnom penh _bRUA _c2007 |
||
| 300 |
_aviii; 50p. _bill. _c29cm. |
||
| 942 |
_2ddc _cAVM |
||
| 999 |
_c2175 _d2175 |
||